000 00580nam a2200193 a 4500
001 000009688
005 20240412074212.0
008 091001s19671973dr 000 p spa d
040 _aDO-SdBNP
_bspa
_cBNPHU
082 _aRD861.44
_bB265p
100 1 _aBaron, Angela
_924586
245 1 0 _aPoemas del amor sin nombre /
_cAngela Baron.
260 _aSanto Domingo :
_bArte y Cine,
_c1967-1973.
300 _a2v. ;
_c22 cm.
590 _aInventariado, 2018/LP
650 0 _aPoesía dominicana
_966
650 0 _aLiteratura dominicana.
_967
910 _aValidado. Control de calidad MFF
999 _c9448
_d9448